Organizácia a riadenie bankovníctva v ČSSR

Enregistré dans:
Détails bibliographiques
Auteur principal: Gallo, Pavol
Collectivité auteur: Vysoká škola ekonomická v Bratislave. Národohospodárska fakulta
Format: Livre
Langue:slovaque
Publié: Bratislava VŠE 1982
Tags: Ajouter un tag
Pas de tags, Soyez le premier à ajouter un tag!

MARC

LEADER 00000nam a2200000 4500
001 c129253
005 20190107123450.2
041 0 |a slo 
044 |a SK 
245 1 0 |a Organizácia a riadenie bankovníctva v ČSSR  |c Pavol Gallo 
264 1 |a Bratislava  |b VŠE  |c 1982 
300 |a 259 s. 
100 1 |a Gallo, Pavol 
710 2 |a Vysoká škola ekonomická v Bratislave. Národohospodárska fakulta